000 00647nam a22002177a 4500
003 UA-OsUOA
001 113647
007 ta
008 20150922b un ||||| |||| 00| 0 ukr d
100 _aЩукін Б.
090 _a330(477)
_bЩ95
942 _cSA
040 _aUA-OsUOA
_bukr
_cUA-OsUOA
_dUA-OsUOA
245 _aВрахування фактора трудових відносин при прогнозуванні ВВП
300 _aС.14-18
955 _a0
041 _aukr
080 _a330(477)
773 0 _w113646
_tУкраїна: аспекти праці
_dК.
_d2015
_g6
650 7 _a330 Економіка взагалі
_2UDC
999 _c399691
_d399691